000 00356pam a2200157a 44500
008 230515b2009 xxu||||| |||| 00| 0 eng d
020 _aNULL
041 _aENGLISH
082 _a0
100 _aDR R J RANJIT DANIELS
245 _aENVIRONMENTAL STUDIES
250 _a0
260 _a
_bWILEY INDIA PUBLICATION
_c2009
300 _a267
650 _aNULL
999 _c592301
_d592301